59 questions sur star wars (épisode 1 à 6) - Statistiques

Statistiques générales
  • Ce quiz a été pris 190 fois
  • Le résultat moyen est 21 sur 59
Statistiques - réponses
question reponse % Correct
Qui retrouve-t-on sur Dagobah ? Yoda
85%
De quelle couleur sont les sièges (coussins) du conseil des Jedis ? Rouge
83%
Qui décapite Jango Fett ? Mace Windu
80%
Comment s'appelle la planète enneigée dans l'épisode 5 ? Hoth
79%
Où se déroule la bataille finale lors de l'épisode 1 ? Naboo
78%
Qui a été le maître du compte Dooku ? Yoda
75%
Qui est le chef dans la cité dans les nuages ? Lando Calrissian
73%
A quelle espèce appartient Jabba ? Hutt
69%
Qui à dit "il me tarde de pouvoir achever ta formation et tu m'appelleras très bientôt maître" palpatine
67%
Comment se nomme la planète où sont formés les clones ? Kamino
65%
Quel personnage remembre C3PO dans la cité des nuages ? chewbacca
60%
De quelles couleurs sont les deux sabres laser qui tranchent la tête du comte Dooku ? Bleu et rouge
54%
Qui sont les deux seuls témoins du mariage de Padmé et Anakin ? C3PO et R2D2
48%
Sur quelle planète a lieu le duel fratricide entre Obi Wan et Anakin Mustafar
48%
Quel est le nom de code qui ordonne aux clones de tuer tous les Jedisà la fin de l'épisode 3 ? Ordre 66
47%
Quel est le modèle de droïde de C3PO ? Droïde protocolaire
42%
De combien de musiciens sont composés les Modal Nodes à la cantina ? 7
40%
De quelle couleur est les casque du commandant Cody ? Jaune orangé
40%
Comment se nomme le maître de Dark Sidious ? Dark Plagueis
37%
Quelle est la particularité du sabre laser du conte Dooku ? Le manche est courbé / tordu
37%
Comment s'appelle le droïde astromèque qui fait équipe avec Obi Wan dans l'épisode 2 ? R4P17
37%
Combien de chasseurs de prime Dark Vador engage-t-il pour retrouver le faucon millenium ? 4
36%
Qui est la mère de Boba Fett ? Personne
36%
Quelle planète le général Tarkin détruit il sous les yeux de la princesse Leïa dans l'épisode 4 ? Alderaan
35%
Sur qeulle face tombe le cube de chance de Watto lors du paris avec Qui Gon Jin ? Bleu
35%
Quel personnage est envoyé par Jabba le Huth pour tuer Han Solo à la cantina de Mos Esley ? Greedo
35%
Quel est le nom de l'espèce communément appelée "homme des sables" ? Les Tuskens
33%
Qui a dit : "contrebandier ? Quel vilain mot. Je suis plus une sorte ... d'entrepreneur." Lando Calrissian
32%
A quel évènement important Padmé et Anakin s'avouent ils leur amour ? La bataille de Géonosis
31%
Quelle unité de grandeur utilise-t-on pour mesurer les distances extrêmement grandes dans l'espace ? Le parsec
31%
De quelle couleur est le module de course (podracer) de Sebulba ? Orange
31%
Quels sont les noms des parents adoptifs de Luke ? Owen et Beru
31%
De qui palpatine prend il la place de chancelier suprême ? Chancelier Valorum
30%
Qui à dit : "Victime du tout puissant Sarlacc, son excellence espère que vous allez mourir honorablement" C3PO (traduisant Jabba)
29%
Comment s'appelle le vice roi de la fédération du commerce ? Nute Gunray
29%
Comment s'appelle la planète peuplée de Wookies ? Kashyyyk
27%
Que signifie le jaune sur une armure de droïde de combat ? C'est un droïde commandant
26%
Quel typre de droïde sert à traquer les ennemis de l'empire ? Il est noir, possède 6 bras articulés et apparait dans le 5 et le 6. Le droïde sonde imperial
24%
Dans quels épisodes (du 1 au 6) retrouve-t-on Boba Fett ? 2, 4, 5, 6
23%
Pour quelle raison Obi Wan va retrouver son amis Dex dans son restaurant ? Pour analyser la provenance de la flèche de Jango Fett
23%
Quel type de droïde servant les séparatistes peut rouler et possède un bouclier réflecteur ? Le droïdeka
22%
Comment s'appelle le vaisseau de Jango Fett Slave I
22%
Qui a dit : "Je suis devenu plus puissant que tous les Jedi. Même toi" ? Le comte Dooku
21%
Qui gouverne la population Gungan ? Boss Nass
20%
De quelle espèce est la danseuse verte dans le palais de Jabba ? Twi'lek
20%
Pourquoi Dark Vador décide-t-il de cryogéniser Han Solo ? Pour tester si un humain peut survivre à se porcédé
19%
Qui s'occupe de la protection personnelle de Padmé avant Anakin ? Capitaine Panaka
18%
Qui a dit : "peu importe où tu seras, mon amour sera avec toi " ? Shmi Skywalker
17%
Sur quelle planète vit Watto ? Tatouine
17%
Qui explique le plan de la bataille pour l'assaut de l'étoile de la mort ? L'amiral Ackbar
16%
Comment Jabba annonce-t-il le départ de la course de module de Mos Espa ? En jetant les restes de son repas sur le gong
14%
Comment se déplacent les Géonosiens ? Avec leurs ailes
13%
Quelle est l'espèce de Zam Wesell ? (espione de Jango Fett) Une changeante
13%
Quelle est la désignation de pilote de Luke Skywalker lorsqu'il détruit l'étoile noire ? Red Five
12%
Qui s'affronte durant la bataille de Naboo ? Gungan et droïdes (séparatistes)
10%
Pourquoi Jarjar Binks est il banni de la cité sous-marine Otho Gunga ? Il a détruit le sous marin du chef
4%
Comment les super droïdes de combat tirent ils sur leur adversaires ? avec des canons laser sur leur avant- bras
3%
Comment Han Solo et Luke survivent ils au froid sur la planète Hoth ? Ils se réchauffent à l'interieur de leur monture
3%
Quel est le titre de Mon Mothma ? Chef des Rebels
0%
Aucun quiz correspondant
Distribution des résultats
% des personnes avec chaque résultat
Percentile par nombre de réponses
Votre historique - résultats
Vous n’avez pas pris ce quiz